• 首页
  • 本馆介绍
  • 公告通知
  • 最新文献
  • 馆藏检索
  • 电子资源
  • 读者导购
  • 参考咨询
  • 我的图书馆
  • 登录
  • 详细信息显示
  • 放入我的书架
  • 预约/预借图书
  • 作者相关作品
  • 分类相关作品
  • 丛书相关作品
  • 出版社相关作品

书目信息

  • 表格格式
  • 工作单格式
  • 卡片格式
题名:
商业计划书
    
 
作者: 胡华成 编著
分册:  
出版信息: 北京   化学工业出版社  2020
页数: 204页
开本: 24cm
丛书名:
单 册:
中图分类: F712.1
科图分类:
主题词: 商业计划--文书--写作
电子资源:
ISBN: 978-7-122-35915-5
000 00845nam0 2200217 450
001 2240845587
005 20220922112116.37
010    @a978-7-122-35915-5@dCNY58.00
100    @a20200905d2020 em y0chiy50 ea
101 0  @achi
102    @aCN@b110000
105    @aa z 000yy
200 1  @a商业计划书@9shang ye ji hua shu@e从0开始高效融资@f胡华成编著
210    @a北京@c化学工业出版社@d2020
215    @a204页@c图@d24cm
330    @a本书立足于创业者的需求,以帮助创业者顺利融资为目的,从企业与产品、商业模式、行业市场、产品规划、竞争对手分析、团队介绍、财务规划与预测、融资需求等多方面进行深入讲解,为创业者介绍案例,提供技巧,旨在让创业者能更快、更好地了解赢得投资者的心意的方法。
606 0  @a商业计划@x文书@x写作
690    @aF712.1@v5
701  0 @a胡华成@9hu hua cheng@4编著
801  0 @aCN@b91MARC@c20200905
905    @aZUCC@dF712.1@e4
    
    商业计划书:从0开始高效融资/胡华成编著.-北京:化学工业出版社,2020
    204页:图;24cm
    
    
    ISBN 978-7-122-35915-5:CNY58.00
    本书立足于创业者的需求,以帮助创业者顺利融资为目的,从企业与产品、商业模式、行业市场、产品规划、竞争对手分析、团队介绍、财务规划与预测、融资需求等多方面进行深入讲解,为创业者介绍案例,提供技巧,旨在让创业者能更快、更好地了解赢得投资者的心意的方法。
●
相关链接 在五车中查询图书 在当当中查询图书 在豆瓣中查询图书


正题名:商业计划书     索取号:F712.1/4         预约/预借

序号 登录号 条形码 馆藏地/架位号 状态 备注
1 2000901665   2000901665   第三书库/ [索取号:F712.1/4] 在馆    
2 2000901666   2000901666   第三书库/ [索取号:F712.1/4] 在馆    
3 2000901667   2000901667   第三书库/ [索取号:F712.1/4] 在馆    
山东省滨州职业学院图书馆 欢迎您!
大连网信软件有限公司© 版权所有